Top 3 najlepszych lig Europy 23/24 - Statystyki

Ogólne statystyki
  • Ten quiz został rozwiązany 55 razy
  • Średni wynik to 16 z 21
Statystyki odpowiedzi
>⁠.⁠< Odpowiedzi % Poprawnych
1 ENG Manchester City
98%
1 SPA Real Madryt
96%
1 GER Bayer
94%
2 ENG Arsenal
92%
2 SPA Barcelona
92%
3 ITA Juventus
92%
3 ENG Liverpool
92%
1 FRE PSG
92%
3 GER Bayern
90%
1 ITA Inter
90%
2 ITA Milan
83%
1 POR Sporting
83%
2 POR Benfica
77%
3 SPA Girona
69%
1 NED PSV
69%
3 POR Porto
67%
2 FRE Monaco
63%
2 GER Stuttgart
50%
3 FRE Brest
44%
3 NED Twente
25%
2 NED Feyernoord
8%
Nie znaleziono quizów pasujących do podanych kryteriów
Rozkład punktacji
Procent ludzi z każdym wynikiem
Percentyl według liczby udzielonych odpowiedzi
Twoja historia wyników
Nie rozwiązałeś tego quizu